000
00322 a2200145 4500
001
156164
040
_c
Escola São Tomás de Aquino
100
_a
SHAKESPEARE, William
240
1
0
_a
Romeu e julieta
_l
por
245
1
0
_a
Romeu e julieta
300
_a
96
362
0
_a
2014
697
_a
*LITERATURA JUVENIL
942
_c
BK
999
_c
156164
_d
156164